|
|
|
|
| LEADER |
02342nam a2200469 i 4500 |
| 001 |
EBC3002619 |
| 003 |
MiAaPQ |
| 005 |
20200520144314.0 |
| 006 |
m o d | |
| 007 |
cr cnu|||||||| |
| 008 |
070411s2007 wiua ob 001 0 eng|d |
| 020 |
|
|
|a 9780873897174
|q (electronic bk.)
|
| 035 |
|
|
|a (MiAaPQ)EBC3002619
|
| 035 |
|
|
|a (Au-PeEL)EBL3002619
|
| 035 |
|
|
|a (CaPaEBR)ebr10929579
|
| 035 |
|
|
|a (OCoLC)893682609
|
| 040 |
|
|
|a MiAaPQ
|b eng
|e rda
|e pn
|c MiAaPQ
|d MiAaPQ
|
| 050 |
|
4 |
|a HD62.15
|b .L46 2007
|
| 082 |
0 |
|
|a 658.4/013
|2 22
|
| 100 |
1 |
|
|a Leonard, Denis,
|d 1949-
|e author.
|
| 245 |
1 |
4 |
|a The executive guide to understanding and implementing the Baldrige criteria :
|b improve revenue and create organizational excellence /
|c Denis Leonard, Mac McGuire.
|
| 246 |
3 |
0 |
|a Baldrige criteria
|
| 264 |
|
1 |
|a Milwaukee, Wisconsin :
|b ASQ Quality Press,
|c 2007.
|
| 300 |
|
|
|a 1 online resource (142 pages) :
|b illustrations.
|
| 336 |
|
|
|a text
|2 rdacontent
|
| 337 |
|
|
|a computer
|2 rdamedia
|
| 338 |
|
|
|a online resource
|2 rdacarrier
|
| 490 |
1 |
|
|a The ASQ Quality Management Division economics of quality book series
|
| 504 |
|
|
|a Includes bibliographical references and index.
|
| 588 |
|
|
|a Description based on print version record.
|
| 590 |
|
|
|a Electronic reproduction. Ann Arbor, MI : ProQuest, 2015. Available via World Wide Web. Access may be limited to ProQuest affiliated libraries.
|
| 650 |
|
0 |
|a Total quality management
|x Evaluation.
|
| 650 |
|
0 |
|a Organizational effectiveness
|x Evaluation.
|
| 650 |
|
0 |
|a Industrial efficiency
|x Evaluation.
|
| 650 |
|
0 |
|a Industrial productivity
|x Evaluation.
|
| 650 |
|
0 |
|a Malcolm Baldrige National Quality Award
|v Case studies.
|
| 655 |
|
4 |
|a Electronic books.
|
| 700 |
1 |
|
|a McGuire, Mac,
|d 1969-
|e author.
|
| 776 |
0 |
8 |
|i Print version:
|a Leonard, Denis.
|t Executive guide to understanding and implementing the Baldrige criteria : improve revenue and create organizational excellence.
|d Milwaukee, Wisconsin : ASQ Quality Press, 2007
|h xxi, 120 pages ; 23 cm
|k The ASQ Quality Management Division economics of quality book series
|z 9780873897174
|w (OCoLC)ocn123232177
|w (DLC)10929579
|
| 797 |
2 |
|
|a ProQuest (Firm)
|
| 830 |
|
0 |
|a ASQ Quality Management Division economics of quality book series.
|
| 856 |
4 |
0 |
|u https://ebookcentral.proquest.com/lib/matrademy/detail.action?docID=3002619
|z Click to View
|